| 000 | 00624nam a2200193Ia 4500 | ||
|---|---|---|---|
| 008 | 240729s9999 xx 000 0 und d | ||
| 022 | _a2586-1247 | ||
| 245 | 0 | _aInternational Journal of Sustainable Lighting | |
| 260 | _aKorea, Republic of | ||
| 260 | _bInternational Journal of Sustainable Lighting | ||
| 650 | _a Harbors and coast protective works. Coastal engineering. Lighthouses | Science | ||
| 650 | _a Hydraulic engineering | ||
| 650 | _a Optics. Light | ||
| 650 | _a Physics | ||
| 650 | _aTechnology | ||
| 856 | _uhttps://doaj.org/toc/579f611f164b4e329c0b005a4920bd8f | ||
| 942 | _2ddc | ||
| 942 | _cDOAJEJ | ||
| 999 |
_c65703 _d65703 |
||
| 945 |
_a1 _bMadushi Gamage _c1 _dMadushi Gamage |
||